|
|
|
|
| LEADER |
00000nab a2200000uu 4500 |
| 001 |
vtls010879543 |
| 003 |
SK-MaSNL |
| 005 |
20260304040828.0 |
| 008 |
230303|2013 xo |||||||||||||||||eng| |
| 015 |
|
|
|a SNBRB
|
| 035 |
|
|
|a (urnnbn)urn:nbn:sk:snk:ar-005w5f
|
| 035 |
|
|
|a (uuid)7ea0e6f1-f151-4c11-a95a-99c1c2aab5f0
|
| 035 |
|
|
|a urn:nbn:sk:snk-ab7nh8
|
| 040 |
|
|
|a SNKBUCL
|b slo
|c SNKBUCL
|e AACR2
|
| 041 |
0 |
|
|a eng
|
| 044 |
|
|
|a xo
|c SK
|
| 080 |
|
|
|a (437.3)
|2 2001
|
| 080 |
|
|
|a (048.8)
|2 2001
|
| 100 |
1 |
|
|a Balík, Josef,
|d 1967-
|4 aut
|9 177157
|
| 245 |
1 |
0 |
|a Comparison of anthocyanins present in grapes of Vitis vinifera L. varieties and interspecific hybrids grown in the Czech Republic
|c Josef Balík, Michal Kumšta, Otakar Rop
|
| 504 |
|
|
|a Bibliogr. odkazy
|
| 650 |
0 |
7 |
|a hrozno
|2 SNK
|9 14710
|
| 650 |
0 |
7 |
|a antokyány
|2 SNK
|9 1053096
|
| 650 |
0 |
7 |
|a hybridy
|2 SNK
|9 75116
|
| 651 |
|
7 |
|a Česko
|2 SNKPH
|9 16753
|
| 655 |
|
7 |
|a štúdie
|2 SNKPH
|9 57033
|
| 700 |
1 |
|
|a Kumšta, Michal
|4 aut
|9 1322174
|
| 700 |
1 |
|
|a Rop, Otakar
|4 aut
|9 617482
|
| 773 |
0 |
|
|t Chemical papers
|g Roč. 67, č. 10 (2013), s. [1285]-1292
|
| 958 |
|
|
|a NB
|
| 958 |
|
|
|a OND
|
| 958 |
|
|
|a EUIPO
|
| 958 |
|
|
|a article8
|
| 999 |
|
|
|c 2665205
|d 2667135
|